| 000 | 00840nam a2200277Ia 4500 | ||
|---|---|---|---|
| 003 | OSt | ||
| 005 | 20220928125830.0 | ||
| 006 | a|||||r|||| 00| 0 | ||
| 007 | ta | ||
| 008 | 220927b |||||||| |||| 00| 0 eng d | ||
| 020 | _c2324.0250000000001 | ||
| 024 | _a115150 | ||
| 037 |
_b296, 17/02/2012, N.R.Book Distributors _cTextual |
||
| 040 |
_aSDCL _cSDCL _beng |
||
| 041 |
_2eng _aeng |
||
| 082 | _aG:6, Q2 | ||
| 100 |
_aSnustad D Peter _9438865 |
||
| 245 | 0 |
_aGenetics _b International student version. |
|
| 250 | _a6 | ||
| 260 |
_aHoboken _bJohn Wiley _c2012 |
||
| 300 |
_axviii,766p _ccm. |
||
| 650 |
_aPlant Molecular Bio _9417564 |
||
| 700 |
_a Simmons Michael J _9438866 |
||
| 942 |
_hG:6, Q2 _cTEXL _2CC |
||
| 999 |
_c784235 _d784235 |
||